365 días viviendo en la Plaza de Armas del Cusco / (Record no. 22890)

000 -CABECERA
fixed length control field 01131nam a22002417i 4500
003 - IDENTIFICADOR DEL NÚMERO DE CONTROL
control field AR-CdUCM
008 - DATOS DE LONGITUD FIJA--INFORMACIÓN GENERAL
fixed length control field 240510b20232023 pe||||| |||| 00| 0 spa d
020 ## - NÚMERO INTERNACIONAL ESTÁNDAR DEL LIBRO
ISBN 978-612-00-9007-7
040 ## - FUENTE DE LA CATALOGACIÓN
Agencia/entidad que catalogó originalmente la obra MUNICIPALIDAD PROVINCIAL DEL CUSCO
Entidad que transcribió la catalogación BIBLIOTECA MUNICIPAL DEL CUSCO
082 ## - NÚMERO DE LA CLASIFICACIÓN DECIMAL DEWEY
No. de Clasificación 301.98561 / H96
Notacion interna H96
100 ## - ENTRADA PRINCIPAL--NOMBRE DE PERSONA
Nombre Personal Hurtado Huamán, Félix
245 ## - MENCIÓN DE TÍTULO
Título 365 días viviendo en la Plaza de Armas del Cusco /
260 ## - PUBLICACIÓN, DISTRIBUCIÓN, ETC.
Lugar de publicación, distribución, etc. Cusco :
Fecha de publicación, distribución, etc. 2023
300 ## - DESCRIPCIÓN FÍSICA
Nº de Páginas Extensión 306 páginas. :
Dimensiones 17 cm.
500 ## - NOTA GENERAL
Bibliografía Bibliografía: página 303 - 305
505 ## - NOTA DE CONTENIDO CON FORMATO
Nota de contenido formateada Plaza de Armas del Cusco en la línea del tiempo -- Una vuelta por el perímetro de la Plaza de Armas del Cusco al 2017 -- Registro de actividades en la Plaza de Armas del Cusco, 2017 -- La Personalidad del cusqueño -- Enero a Diciembre 2017
650 ## - PUNTO DE ACCESO ADICIONAL DE MATERIA--TÉRMINO DE MATERIA
Descriptor Plaza de Armas del Cusco en la línea del tiempo
9 (RLIN) 49808
650 ## - PUNTO DE ACCESO ADICIONAL DE MATERIA--TÉRMINO DE MATERIA
Descriptor Una vuelta por el perímetro de la Plaza de Armas del Cusco al 2017
9 (RLIN) 49809
650 ## - PUNTO DE ACCESO ADICIONAL DE MATERIA--TÉRMINO DE MATERIA
Descriptor Registro de actividades en la Plaza de Armas del Cusco, 2017
9 (RLIN) 49810
650 ## - PUNTO DE ACCESO ADICIONAL DE MATERIA--TÉRMINO DE MATERIA
Descriptor Enero a Diciembre 2017
9 (RLIN) 49811
942 ## - ELEMENTOS DE PUNTO DE ACCESO ADICIONAL (KOHA)
Fuente de clasificación
Tipo de item Libros-BMC
945 ## - PROCESAMIENTO DE INFORMACIÓN LOCAL (OCLC)
Catalogador pbj
AAAA-MM-DD - Fecha de ingreso o modificacion 2024-05-10
Holdings
Estado de retiro (separado) Fuente de clasificación o esquema de estanterías Estado dañado Ubicación Sala donde se ubica Nombre de la colección Fecha de adquisición o compra Fuente de adquisición Costo, precio normal en soles Signatura topográfica Código de Barras Última vez visto (Koha) Tipo de ítem (Koha)
No     Sala Humanidades Sala Humanidades Book Cart 2024-05-10 Donacion 10.00 301.98561 / H96 SH0000016725 2024-05-10 Libros-BMC
No     Sala Humanidades Sala Humanidades Book Cart 2024-05-10 Donacion 10.00 301.98561 / H96 / e.2 SH0000016726 2024-05-10 Libros-BMC

Powered by Koha